|
|
|
|
| LEADER |
02560njm a2200517 a 4500 |
| 001 |
000735158 |
| 003 |
CZ BrMZK |
| 005 |
20041018124521.0 |
| 007 |
sd fsngnnmmned |
| 008 |
040914s2001 xr ppnn e cze d |
| 028 |
0 |
1 |
|a 0927-40777-2
|b Warner Music
|
| 040 |
|
|
|a BOA001
|b cze
|
| 040 |
|
|
|a ABA001
|e cze
|
| 041 |
0 |
|
|d cze
|
| 045 |
|
|
|a x-x-
|
| 048 |
|
|
|a od
|b vu
|
| 080 |
|
|
|a 785.16
|2 MRF
|
| 080 |
|
|
|a 784.4
|2 MRF
|
| 080 |
|
|
|a (086.76)
|2 MRF
|
| 100 |
1 |
|
|a Vítek, Pavel,
|d 1962-
|7 jn20000402655
|4 sng
|
| 245 |
1 |
0 |
|a Pavel Vítek
|h [zvukový záznam] :
|b největší hity
|
| 246 |
3 |
3 |
|a Největší hity
|
| 246 |
3 |
3 |
|a Best of
|
| 260 |
|
|
|a Praha :
|b Warner Music ,
|c p2001
|
| 300 |
|
|
|a 1 zvuková deska (75:39) :
|b digital ;
|c 12 cm +
|e 1 leták (12 x 36 cm)
|
| 306 |
|
|
|a 011539
|
| 500 |
|
|
|a Kompaktní deska (ADD)
|
| 500 |
|
|
|a Kompilace
|
| 500 |
|
|
|a Původní fonogramy p1986-p2001 různá vydavatelství
|
| 505 |
0 |
0 |
|t Má svůj den --
|t Víš, jak se mi líbíš --
|t Chvíle lásky --
|t O ďáblovi --
|t Po stopách tvých --
|t Mám rád vůni tvý kůže --
|t Bez tebe ztrácím tvář (This time I love you much better) --
|t Tahle noc zůstane tvá --
|t Zahrada přání --
|t Je s tebou ámen --
|t Asi do věží --
|t Den je krásný --
|t Holčičko smutná (Beauty school dropout) --
|t Párkrát mlčet (All I ask of you) --
|t Salve Regina (Oh, what a circus) --
|t Hlaď mě a líbej --
|t Někdo chce tvoje sny --
|t Napovídám hvězdám --
|t Stevenův monolog (live) --
|t Má svůj den 2001 --
|t Salve Regina (Oh, what a circus) (Gen-D latin club mix)
|
| 511 |
0 |
|
|a Zpívá Pavel Vítek, Yvetta Blanarovičová, Karya, Leona Machálková, Eva Urbanová, Věra Bílá
|
| 530 |
|
|
|a Vydáno také na kazetě s objednacím číslem 0927-40777-4
|
| 511 |
0 |
|
|a V písni Salve Regina hraje skupina Kale
|
| 650 |
0 |
7 |
|a populární písně
|7 ph124354
|y 1981-1990
|2 czenas
|
| 650 |
0 |
7 |
|a populární písně
|7 ph124354
|y 1991-2000
|2 czenas
|
| 650 |
0 |
7 |
|a populární písně
|7 ph124354
|y 2001-2010
|2 czenas
|
| 655 |
|
7 |
|a kompaktní desky
|7 fd201991
|2 czenas
|
| 700 |
1 |
|
|a Urbanová, Eva,
|d 1961-
|7 jn19992010074
|4 sng
|
| 700 |
1 |
|
|a Bílá, Věra,
|d 1954-2019
|7 jn20000400343
|4 sng
|
| 700 |
1 |
|
|a Blanarovičová, Yvetta,
|d 1963-
|7 jn19981000278
|4 sng
|
| 700 |
1 |
|
|a Feriová, Jana,
|d 1963-
|7 xx0075876
|4 prf
|
| 700 |
1 |
|
|a Machálková, Leona,
|d 1967-
|7 js20020408002
|4 sng
|
| 710 |
2 |
|
|a Kale (hudební skupina)
|7 ko2003164619
|
| 910 |
|
|
|a BOA001
|b CD-0011.718
|
| 990 |
|
|
|a AV
|
| 996 |
6 |
|
|b 261H012873
|c CD-0011.718
|l MZK
|r Sklad / do 24 hodin
|n 0
|w 000735158
|u 000010
|a 1
|e BOA001
|j MZK50
|s P
|